000 00487nam a2200181Ia 4500
005 20250508160510.0
008 008 250505s9999 xx 000 0 eng d
037 _aTextual
040 _aFEDL
_beng
_cFEDL
041 _aeng
_2eng
084 _a361, TOW
_qFEDL
100 _aTowle Charlotte
_994453
245 0 _aHelping
260 _aChicago, USA
_bThe University of Chicago Press
_c1969
300 _axii,307p
942 _cTEXL
_h361, TOW
999 _c1364988
_d1364988